MARC

LEADER 00000nam0a2200000 4500
001 378856
005 20231102013035.0
035 |a (RuTPU)RU\TPU\retro\36317 
090 |a 378856 
100 |a 20230619d1978 k y0rusy50 ca 
101 0 |a rus 
102 |a BY 
105 |a a z 001zy 
200 1 |a Вопросы теплопереноса в процессах сушки и термообработки  |e сборник научных трудов  |f Академия наук Белорусской ССР, Институт тепло- и массообмена им. А. В. Лыкова 
210 |a Минск  |c [Б. и.]  |d 1978 
215 |a 140 с.  |c ил. 
320 |a Библиография в конце статей 
606 1 |a Сушильные установки  |x Конструкция и расчет  |2 stltpush  |3 (RuTPU)RU\TPU\subj\31495  |9 54333 
610 1 |a сушка 
610 1 |a термообработка 
610 1 |a процессы 
610 1 |a теплоперенос 
610 1 |a гигроскопические свойства 
610 1 |a распыл 
610 1 |a дисперсность 
610 1 |a кинетика 
610 1 |a структурообразование 
610 1 |a фазовые превращения 
610 1 |a тепломассоперенос 
610 1 |a сушка распылением 
610 1 |a импульсные методы 
610 1 |a комбинированные методы 
675 |a 66.047  |v 4 
712 0 2 |a Академия наук Белорусской ССР  |b Институт тепло- и массообмена им. А. В. Лыкова  |c (Минск)  |2 stltpush  |3 (RuTPU)RU\TPU\col\11896  |9 25285 
801 1 |a RU  |b 63413507  |c 20230619 
942 |c BK